=LDR 00000nam 2200000 4500 =001 INLIS000000000040822 =005 20150303114254.0 =006 =007 =008 ind =035 ##$$0010-061300000040822 =041 ##$$a ind =082 ##$$a 813 =090 ##$$a 813 , Pat ,m =100 ##$$a PATTRSON, James =245 ##$$a Mawar Merah , James Petterson =260 ##$$a 2005 $b Jakarta =300 ##$$a 412 hlm , 18 cm =650 ##$$a FIKSI =700 ##$$a TARWWIJAYA, Sendra =850 ##$$a NBPNMAT =990 ##$$a 0001/BPAP-NTB/20142014 =990 ##$$a 0001/BPAP-NTB/20142015 =990 ##$$a 0001/BPAP-NTB/2016